ARRUPE JESUIT UNIVERSITY

CORONAVIRUS -STOP THE SPREAD - CLEAN,DISINFECT,COVER

Christian wisdom : (Record no. 120122)

MARC details
000 -LEADER
fixed length control field 01799cam a2200433 a 4500
001 - CONTROL NUMBER
control field 14989230
003 - CONTROL NUMBER IDENTIFIER
control field ARRUPE
005 - DATE AND TIME OF LATEST TRANSACTION
control field 20140220140418.0
008 - FIXED-LENGTH DATA ELEMENTS--GENERAL INFORMATION
fixed length control field 070831s2007 enk b 001 0 eng d
010 ## - LIBRARY OF CONGRESS CONTROL NUMBER
LC control number 2007279252
015 ## - NATIONAL BIBLIOGRAPHY NUMBER
National bibliography number GBA750727
Source bnb
016 7# - NATIONAL BIBLIOGRAPHIC AGENCY CONTROL NUMBER
Record control number 013782750
Source Uk
020 ## - INTERNATIONAL STANDARD BOOK NUMBER
International Standard Book Number 9780521698382 (pbk.)
020 ## - INTERNATIONAL STANDARD BOOK NUMBER
International Standard Book Number 0521698383 (pbk.)
020 ## - INTERNATIONAL STANDARD BOOK NUMBER
International Standard Book Number 9780521875455 (cased)
020 ## - INTERNATIONAL STANDARD BOOK NUMBER
International Standard Book Number 0521875455 (cased)
035 ## - SYSTEM CONTROL NUMBER
System control number (OCoLC)ocn148691100
040 ## - CATALOGING SOURCE
Original cataloging agency UKM
Transcribing agency UKM
Modifying agency BTCTA
-- YDXCP
-- BAKER
-- TXA
-- DLC
042 ## - AUTHENTICATION CODE
Authentication code ukscp
-- lccopycat
050 00 - LIBRARY OF CONGRESS CALL NUMBER
Classification number BS1455
Item number .F58 2007
082 04 - DEWEY DECIMAL CLASSIFICATION NUMBER
Classification number 230
Edition number 22
300 ## - PHYSICAL DESCRIPTION
Dimensions 23 cm.
100 1# - MAIN ENTRY--PERSONAL NAME
Personal name Ford, David,
Dates associated with a name 1948-
9 (RLIN) 8829
245 10 - TITLE STATEMENT
Title Christian wisdom :
Remainder of title desiring God and learning in love /
Statement of responsibility, etc David F. Ford.
260 ## - PUBLICATION, DISTRIBUTION, ETC. (IMPRINT)
Place of publication, distribution, etc Cambridge ;
-- New York :
Name of publisher, distributor, etc Cambridge University Press,
Date of publication, distribution, etc 2007.
300 ## - PHYSICAL DESCRIPTION
Extent xiv, 412 p. ;
440 #0 - SERIES STATEMENT/ADDED ENTRY--TITLE
Title Cambridge studies in Christian doctrine ;
Volume number/sequential designation 16
9 (RLIN) 8830
504 ## - BIBLIOGRAPHY, ETC. NOTE
Bibliography, etc Includes bibliographical references and indexes.
630 00 - SUBJECT ADDED ENTRY--UNIFORM TITLE
Uniform title Bible
General subdivision Criticism, interpretation, etc.
9 (RLIN) 8831
650 #0 - SUBJECT ADDED ENTRY--TOPICAL TERM
Topical term or geographic name as entry element Wisdom literature
General subdivision Criticism, interpretation, etc.
9 (RLIN) 8832
650 #0 - SUBJECT ADDED ENTRY--TOPICAL TERM
Topical term or geographic name as entry element God (Christianity)
General subdivision Wisdom.
9 (RLIN) 8833
650 #0 - SUBJECT ADDED ENTRY--TOPICAL TERM
Topical term or geographic name as entry element Wisdom (Biblical personification)
9 (RLIN) 8834
650 #0 - SUBJECT ADDED ENTRY--TOPICAL TERM
Topical term or geographic name as entry element Wisdom
General subdivision Religious aspects
-- Christianity.
9 (RLIN) 8835
856 42 - ELECTRONIC LOCATION AND ACCESS
Materials specified Contributor biographical information
Uniform Resource Identifier <a href="http://www.loc.gov/catdir/enhancements/fy0729/2007279252-b.html">http://www.loc.gov/catdir/enhancements/fy0729/2007279252-b.html</a>
856 42 - ELECTRONIC LOCATION AND ACCESS
Materials specified Publisher description
Uniform Resource Identifier <a href="http://www.loc.gov/catdir/enhancements/fy0729/2007279252-d.html">http://www.loc.gov/catdir/enhancements/fy0729/2007279252-d.html</a>
856 41 - ELECTRONIC LOCATION AND ACCESS
Materials specified Table of contents only
Uniform Resource Identifier <a href="http://www.loc.gov/catdir/enhancements/fy0729/2007279252-t.html">http://www.loc.gov/catdir/enhancements/fy0729/2007279252-t.html</a>
906 ## - LOCAL DATA ELEMENT F, LDF (RLIN)
a 7
b cbc
c copycat
d 2
e ncip
f 20
g y-gencatlg
942 ## - ADDED ENTRY ELEMENTS (KOHA)
Source of classification or shelving scheme Library of Congress Classification
Koha item type Monograph ( Printed materials)
Holdings
Withdrawn status Lost status Source of classification or shelving scheme Damaged status Not for loan Collection code Home library Current library Shelving location Date acquired Total Checkouts Full call number Barcode Date last seen Price effective from Koha item type
    Library of Congress Classification     Main Collection ARRUPE LIBRARY ARRUPE LIBRARY Main Collection 20/02/2014   BT80.C555 2007 46500002199 11/01/2017 20/02/2014 Monograph ( Printed materials)

 

Arrupe Library. PO Box MP320 Mt Pleasant, Harare, Zimbabwe
263 242 745411|librarian@aju.ac.zw